| 000 | 00691nam a22001697a 4500 | ||
|---|---|---|---|
| 003 | SGT | ||
| 020 | _a9788120348929 | ||
| 082 | _a658.4038011 SAD | ||
| 100 | _aSADAGOPAN,S | ||
| 245 | _aMANAGEMENT INFORMATION SYSTEMS | ||
| 250 | _a2ND | ||
| 260 |
_aNEW DELHI _bPHI _c2014 |
||
| 300 | _a327 | ||
| 650 | _aMANAGEMENT INFORMATION SYSTEMS | ||
| 653 | _a1. Introduction 2. Organisational Systems 3. Information Systems and Organisations 4. Computers and Information Systems 5. Communication Technology 6. Database Technology 7. Decision Support Systems (DSS) 8. Expert Systems and Artificial Intelligence 9. System Analysis and Design | ||
| 942 |
_2ddc _cFCM |
||
| 999 |
_c10697 _d10697 |
||